000 00667nam a2200121Ia 4500
008 220620s9999||||xx |||||||||||||| ||und||
245 0 _aAgeing and Technology
_bPerspectives from the Social Sciences
546 _aEnglish[eng]
650 _aSociology||Ageing||Technology||Social Sciences||Aging Studies||Sociology of Technology||Body||Sociology||Dementia||Mobile phone||Old age
700 _aDomínguez-Rué, Emma||Nierling, Linda
856 _uhttps://library.oapen.org/bitstream/20.500.12657/30578/1/645331.pdf||https://library.oapen.org/bitstream/20.500.12657/30578/1/645331.pdf||https://library.oapen.org/bitstream/20.500.12657/30578/1/645331.pdf
942 _cEB
999 _c30809
_d30809